Famous Landmarks - Statistics

General Stats
  • This quiz has been taken 26 times
  • The average score is 14 of 20
Answer Stats
Picture Answer % Correct
Golden Gate Bridge
100%
Big Ben
96%
Eiffel Tower
96%
Taj Mahal
96%
Great Wall of China
92%
Leaning Tower of Pisa
92%
Statue of Liberty
92%
Stonehenge
92%
Machu Picchu
88%
Mt Fuji
80%
Sydney Opera House
80%
Easter Island
72%
Mt Rushmore
72%
Parthenon
72%
The Colosseum
68%
Pyramid of Giza
60%
London Bridge
44%
Arc of Triumph
16%
The Spinx
4%
St Basil's Church
0%
No matching quizzes found
Score Distribution
Percent of People with Each Score
Percentile by Number Answered
Your Score History
You have not taken this quiz